[Event "Rochefort op 23rd"]
[Site "Rochefort"]
[Date "2025.02.22"]
[Round "1"]
[White "Fedorchuk, Sergey A"]
[Black "Lapeyre, Pierre"]
[Result "1-0"]
[WhiteElo "2555"]
[BlackElo "2007"]
[PlyCount "55"]
[EventDate "2025.02.22"]
[EventType "swiss"]
[EventRounds "9"]
[EventCountry "FRA"]
[SourceTitle "CB10_2025"]
[SourceDate "2025.03.05"]
[SourceVersion "1"]
[SourceVersionDate "2025.03.05"]
[SourceQuality "1"]

1. e4 e6 2. d4 d5 3. Nd2 Nf6 4. e5 Nfd7 5. Ngf3 c5 6. c3 Nc6 7. Bd3 cxd4 8. cxd4 Qb6 9. Nb3 a5 10. a4 Bb4+ 11. Kf1 f6 12. Be3 0-0 13. h4 f5 14. Ng5 Ne7 15. g3 Nb8 16. Nc1 Bd7 17. Ne2 h6 18. Nf3 Na6 19. Nf4 Rac8 20. Rg1 Qd8 21. h5 Nc7 22. Nh4 Nc6 23. Nhg6 Rf7 24. g4 Ne7 25. g5 hxg5 26. Rxg5 Kh7 27. Rg3 Ng8 28. Nh3 1-0

[Event "Sautron op 16th"]
[Site "Sautron"]
[Date "2016.10.29"]
[Round "9.32"]
[White "Le Marec, Laura"]
[Black "Lapeyre, Pierre"]
[Result "0-1"]
[WhiteElo "1720"]
[BlackElo "1981"]
[PlyCount "84"]
[EventDate "2016.10.22"]
[EventType "swiss"]
[EventRounds "9"]
[EventCountry "FRA"]
[SourceTitle "EXT 2019"]
[Source "ChessBase"]
[SourceDate "2018.10.10"]
[SourceVersion "1"]
[SourceVersionDate "2018.10.10"]
[SourceQuality "1"]

1. b3 g6 2. Bb2 Nf6 3. c4 Bg7 4. Nf3 c5 5. e3 Nc6 6. Be2 0-0 7. 0-0 d6 8. d4 cxd4 9. Nxd4 Bd7 10. Nc3 Qa5 11. Rc1 Rac8 12. Bf3 a6 13. Qe2 Rfd8 14. h3 Bh6 15. Rfd1 Nxd4 16. Rxd4 Bc6 17. Rcd1 Bg7 18. R4d2 Rc7 19. a3 Qb6 20. Bxc6 bxc6 21. b4 Qb7 22. e4 Bh6 23. Rd3 Nd7 24. h4 Ne5 25. Rh3 Qc8 26. Na4 Bf4 27. h5 g5 28. h6 Qe6 29. Bxe5 Bxe5 30. Nc5 Qc8 31. Nd3 Bd4 32. Rg3 f6 33. Qh5 Rf8 34. Kh1 e5 35. f4 exf4 36. Rg4 Qe8 37. Nxf4 Qxh5+ 38. Nxh5 Be5 39. Ng7 Rxg7 40. hxg7 Kxg7 41. b5 h5 42. Rxg5+ fxg5 0-1

[Event "Avoine op 31st"]
[Site "Avoine"]
[Date "2016.07.29"]
[Round "7"]
[White "Lapeyre, Pierre"]
[Black "Malassagne, Raphael"]
[Result "1/2-1/2"]
[WhiteElo "1966"]
[BlackElo "2163"]
[PlyCount "80"]
[EventDate "2016.07.23"]
[EventType "swiss"]
[EventRounds "9"]
[EventCountry "FRA"]
[SourceTitle "CBM 173 Extra"]
[Source "ChessBase"]
[SourceDate "2016.08.29"]
[SourceVersion "1"]
[SourceVersionDate "2016.08.29"]
[SourceQuality "1"]

1. f4 d5 2. Nf3 Nf6 3. g3 g6 4. Bg2 Bg7 5. d3 b6 6. 0-0 Bb7 7. h3 0-0 8. Qe1 c5 9. c3 Re8 10. g4 Nbd7 11. Qh4 e6 12. Na3 Qc7 13. Bd2 a6 14. Nc2 e5 15. fxe5 Nxe5 16. Bf4 Nxf3+ 17. Rxf3 Qc6 18. Rf2 Qe6 19. Raf1 Nd7 20. d4 f6 21. Qg3 Bc6 22. Bf3 a5 23. Qg2 g5 24. Bc1 Rad8 25. Ne3 Nf8 26. Nf5 Ng6 27. e3 Bb5 28. Rd1 c4 29. Re1 Qf7 30. Rfe2 Ba6 31. e4 Bc8 32. exd5 Bxf5 33. gxf5 Nh4 34. Rxe8+ Rxe8 35. Rxe8+ Qxe8 36. Qe2 Nxf3+ 37. Qxf3 Qe1+ 38. Qf1 Qg3+ 39. Qg2 Qe1+ 40. Qf1 Qg3+ 1/2-1/2

[Event "Avoine op 30th"]
[Site "Avoine"]
[Date "2015.07.22"]
[Round "5"]
[White "Le Huec, Marc"]
[Black "Lapeyre, Pierre"]
[Result "1-0"]
[WhiteElo "2236"]
[BlackElo "1996"]
[PlyCount "47"]
[EventDate "2015.07.18"]
[EventType "swiss"]
[EventRounds "9"]
[EventCountry "FRA"]
[SourceTitle "EXT 2016"]
[Source "ChessBase"]
[SourceDate "2015.10.08"]
[SourceVersion "1"]
[SourceVersionDate "2015.10.08"]
[SourceQuality "1"]

1. d4 d5 2. c4 Nc6 3. Nc3 Nf6 4. Bg5 Ne4 5. Bc1 Nf6 6. Nf3 dxc4 7. Bg5 a6 8. d5 Na7 9. a4 Bf5 10. Qd4 b5 11. e4 c5 12. Qe3 Bg6 13. Ne5 e6 14. dxe6 Qd4 15. Nxg6 hxg6 16. axb5 Ng4 17. Qxd4 cxd4 18. Nd5 Nxb5 19. e7 f6 20. exf8Q+ Kxf8 21. Bf4 g5 22. Bg3 d3 23. f3 Nd4 24. Ra4 1-0

[Event "Avoine op 30th"]
[Site "Avoine"]
[Date "2015.07.19"]
[Round "2"]
[White "Lapeyre, Pierre"]
[Black "Payen, Arnaud"]
[Result "0-1"]
[WhiteElo "1996"]
[BlackElo "2329"]
[PlyCount "98"]
[EventDate "2015.07.18"]
[EventType "swiss"]
[EventRounds "9"]
[EventCountry "FRA"]
[SourceTitle "EXT 2016"]
[Source "ChessBase"]
[SourceDate "2015.10.08"]
[SourceVersion "1"]
[SourceVersionDate "2015.10.08"]
[SourceQuality "1"]

1. f4 d5 2. Nf3 g6 3. g3 Bg7 4. Bg2 Nf6 5. 0-0 c5 6. d3 Nc6 7. c3 Qb6 8. Na3 0-0 9. Kh1 Rd8 10. Qa4 Bd7 11. Qb5 Qxb5 12. Nxb5 a6 13. Na3 Rac8 14. Bd2 Be6 15. Ng5 Bg4 16. Rae1 h6 17. Nf3 b5 18. h3 Be6 19. Nh4 Bd7 20. Nf3 d4 21. c4 Be6 22. b3 Rb8 23. Rb1 b4 24. Nc2 Bd7 25. Rfd1 a5 26. g4 Be8 27. e3 Nd7 28. exd4 cxd4 29. Be1 Nc5 30. Bg3 Rbc8 31. Nce1 a4 32. Nd2 axb3 33. axb3 f5 34. gxf5 gxf5 35. Bf3 Ra8 36. Ra1 Ra5 37. Rxa5 Nxa5 38. Rb1 Bf6 39. Kg1 Rd6 40. Kf1 Kf8 41. Ke2 Re6+ 42. Kd1 Bc6 43. Be2 Naxb3 44. Nxb3 Ba4 45. Bf2 Nxb3 46. Nf3 Nc1+ 47. Kxc1 Rxe2 48. Rxb4 Rxf2 49. Rxa4 Rxf3 0-1

[Event "Bordeaux op 2nd"]
[Site "Bordeaux"]
[Date "2014.10.30"]
[Round "7"]
[White "Sebille, Alain"]
[Black "Lapeyre, Pierre"]
[Result "0-1"]
[WhiteElo "1791"]
[BlackElo "2001"]
[PlyCount "60"]
[EventDate "2014.10.26"]
[EventType "tourn"]
[EventRounds "9"]
[EventCountry "FRA"]
[SourceTitle "EXT 2016"]
[Source "ChessBase"]
[SourceDate "2015.10.08"]
[SourceVersion "1"]
[SourceVersionDate "2015.10.08"]
[SourceQuality "1"]

1. d4 Nf6 2. c4 b6 3. Nc3 Bb7 4. Bf4 e6 5. Nf3 Bb4 6. e3 Ne4 7. Qc2 0-0 8. Bd3 f5 9. 0-0 Bxc3 10. bxc3 d6 11. Nd2 Nxd2 12. Qxd2 Nd7 13. Bg3 Qe7 14. f3 e5 15. Qe2 Qf6 16. Rfe1 g5 17. Bf2 Kh8 18. Kh1 Qg6 19. Bg1 Nf6 20. e4 f4 21. Rab1 g4 22. Rb2 Rf7 23. d5 Rg8 24. Qd1 Qh6 25. Bf1 Nh5 26. h3 Ng3+ 27. Kh2 gxh3 28. Bd3 hxg2+ 29. Kxg2 Nxe4+ 30. Kf1 Qh3+ 0-1

[Event "Bordeaux op 2nd"]
[Site "Bordeaux"]
[Date "2014.10.26"]
[Round "1"]
[White "Lapeyre, Pierre"]
[Black "Goulesque, Camille"]
[Result "1-0"]
[WhiteElo "2001"]
[BlackElo "1892"]
[PlyCount "99"]
[EventDate "2014.10.26"]
[EventType "tourn"]
[EventRounds "9"]
[EventCountry "FRA"]
[SourceTitle "EXT 2016"]
[Source "ChessBase"]
[SourceDate "2015.10.08"]
[SourceVersion "1"]
[SourceVersionDate "2015.10.08"]
[SourceQuality "1"]

1. f4 d6 2. Nf3 Nf6 3. g3 Nbd7 4. Bg2 e5 5. d3 Be7 6. e4 c6 7. Nc3 Qb6 8. Rb1 0-0 9. Qe2 exf4 10. Bxf4 d5 11. e5 Bb4 12. Bd2 Re8 13. a3 Bxc3 14. Bxc3 Ng4 15. d4 Ndf6 16. 0-0 Ne4 17. Kh1 Ngf2+ 18. Kg1 Bg4 19. Qe3 Nh3+ 20. Kh1 Re6 21. Rbe1 Rae8 22. b3 Rh6 23. Nh4 Nhg5 24. Qf4 Be6 25. Bb2 c5 26. Qe3 c4 27. Bc1 cxb3 28. cxb3 Rc8 29. Bxe4 Nxe4 30. Qe2 Rxh4 31. gxh4 Qxb3 32. Rf3 Qa4 33. Rg1 Rc2 34. Qe3 Qd7 35. Rg2 Rc3 36. Qf4 Bh3 37. Rb2 Rxf3 38. Qxf3 Bg4 39. Qf4 b6 40. Rg2 Bh3 41. Rg1 Qa4 42. e6 fxe6 43. Qb8+ Kf7 44. Qc7+ Ke8 45. Qc8+ Kf7 46. Be3 Nf6 47. Qc7+ Qd7 48. Qg3 Bf5 49. Qxg7+ Ke8 50. Qh8+ 1-0

[Event "Naujac op"]
[Site "Naujac"]
[Date "2013.07.02"]
[Round "3"]
[White "Lapeyre, Pierre"]
[Black "Mladenov, Plamen"]
[Result "0-1"]
[WhiteElo "2033"]
[BlackElo "2405"]
[PlyCount "80"]
[EventDate "2013.06.30"]
[EventType "swiss"]
[EventRounds "9"]
[EventCountry "FRA"]
[SourceTitle "CBM 155 Extra"]
[Source "ChessBase"]
[SourceDate "2013.08.26"]
[SourceVersion "1"]
[SourceVersionDate "2013.08.26"]
[SourceQuality "1"]

1. f4 d5 2. Nf3 Bg4 3. e3 Nd7 4. h3 Bxf3 5. Qxf3 c6 6. d4 f5 7. Bd3 e6 8. g4 g6 9. g5 h5 10. 0-0 Ne7 11. c4 Nc8 12. a3 Nd6 13. Nd2 a5 14. b3 Ne4 15. Qg2 Bg7 16. Nf3 0-0 17. Bb2 Qb6 18. Qc2 c5 19. Rab1 cxd4 20. exd4 Rac8 21. Kg2 a4 22. c5 axb3 23. Qd1 Qc7 24. Nd2 b6 25. c6 Nb8 26. Rc1 Qd6 27. Nxb3 Rxc6 28. Bb5 Rcc8 29. Rc2 Nc6 30. Qc1 Na7 31. Bd3 Rxc2+ 32. Qxc2 Rc8 33. Qe2 Rc7 34. Nd2 Nc6 35. Nb3 Na5 36. Nd2 b5 37. Nxe4 fxe4 38. Bxb5 Nc4 39. Be8 Kh7 40. Kh1 Qb6 0-1

[Event "Bordeaux City-ch"]
[Site "Bordeaux"]
[Date "2013.05.11"]
[Round "6"]
[White "Lacroix, Romain"]
[Black "Lapeyre, Pierre"]
[Result "1-0"]
[WhiteElo "2162"]
[BlackElo "2033"]
[PlyCount "73"]
[EventDate "2013.05.08"]
[EventType "swiss"]
[EventRounds "9"]
[EventCountry "FRA"]
[SourceTitle "CBM 154 Extra"]
[Source "ChessBase"]
[SourceDate "2013.06.25"]
[SourceVersion "2"]
[SourceVersionDate "2013.06.25"]
[SourceQuality "1"]

1. d4 Nf6 2. Nf3 e6 3. c4 b6 4. g3 Bb7 5. Bg2 Be7 6. 0-0 0-0 7. Nc3 Ne4 8. Qc2 Nxc3 9. Qxc3 c5 10. Rd1 d6 11. b3 Qc7 12. Bb2 Bf6 13. Qc2 Nd7 14. Rd2 Rfd8 15. Rad1 Rac8 16. h4 h6 17. e4 cxd4 18. Nxd4 a6 19. Ne2 b5 20. Rxd6 bxc4 21. Bxf6 Nxf6 22. Rxd8+ Rxd8 23. Rxd8+ Qxd8 24. bxc4 Qa5 25. Bf3 Qe1+ 26. Kg2 g5 27. hxg5 hxg5 28. g4 Kg7 29. Ng3 Bc6 30. Qb2 Kg6 31. Nh5 Nxh5 32. gxh5+ Kh7 33. Qf6 Bxe4 34. Qxf7+ Kh8 35. Qe8+ Kh7 36. Qd7+ Kh8 37. Qd4+ 1-0

[Event "Bordeaux City-ch"]
[Site "Bordeaux"]
[Date "2013.05.10"]
[Round "5"]
[White "Lapeyre, Pierre"]
[Black "Dubreuil, Remy"]
[Result "1-0"]
[WhiteElo "2033"]
[BlackElo "1829"]
[PlyCount "63"]
[EventDate "2013.05.08"]
[EventType "swiss"]
[EventRounds "9"]
[EventCountry "FRA"]
[SourceTitle "CBM 154 Extra"]
[Source "ChessBase"]
[SourceDate "2013.06.25"]
[SourceVersion "2"]
[SourceVersionDate "2013.06.25"]
[SourceQuality "1"]

1. f4 Nh6 2. Nf3 d5 3. g3 g6 4. Bg2 Bg7 5. d3 c5 6. c3 Nc6 7. 0-0 Qb6 8. e4 dxe4 9. dxe4 0-0 10. Qe2 Bg4 11. h3 Bxf3 12. Rxf3 f5 13. e5 e6 14. Na3 Rad8 15. Be3 Rfe8 16. Rff1 Bf8 17. Rfd1 Rxd1+ 18. Rxd1 Nf7 19. b4 a5 20. b5 Nb8 21. Rb1 Nd7 22. Nc4 Qa7 23. b6 Qa8 24. Qf3 Nd8 25. Qd1 Nb8 26. Nd6 Re7 27. Bxc5 Rd7 28. Qb3 a4 29. Qc4 Qa6 30. Bf1 Qxc4 31. Bxc4 Na6 32. Bb5 1-0

[Event "Creon op 14th"]
[Site "Creon"]
[Date "2009.07.28"]
[Round "2"]
[White "Lapeyre, Pierre"]
[Black "Malaniuk, Vladimir P"]
[Result "0-1"]
[WhiteElo "2109"]
[BlackElo "2563"]
[PlyCount "76"]
[EventDate "2009.07.27"]
[EventType "swiss"]
[EventRounds "9"]
[EventCountry "FRA"]
[SourceTitle "CBM 131 Extra"]
[Source "ChessBase"]
[SourceDate "2009.09.03"]
[SourceVersion "2"]
[SourceVersionDate "2009.09.16"]
[SourceQuality "1"]

1. f4 d5 2. Nf3 g6 3. g3 Bg7 4. Bg2 Nf6 5. 0-0 0-0 6. d3 c5 7. c3 Nc6 8. Na3 Rb8 9. Ne5 Bd7 10. Nxd7 Qxd7 11. e4 d4 12. c4 a6 13. Qe2 Kh8 14. Bd2 e5 15. f5 Ne8 16. g4 f6 17. Rab1 Nd6 18. Nc2 b5 19. b3 g5 20. h4 h6 21. Qf3 Kg8 22. Qh3 Kf7 23. Bf3 Rh8 24. h5 Rhd8 25. Rfc1 Bf8 26. Qg2 Rb7 27. Kh1 Rdb8 28. Qf1 Be7 29. Bd1 bxc4 30. dxc4 Nxe4 31. Qg2 Nxd2 32. Qxd2 e4 33. Qg2 d3 34. Ne3 Qd4 35. Qd2 Bd6 36. Nd5 Ne7 37. Qc3 Nxd5 38. cxd5 Qf2 0-1

[Event "Creon op 14th"]
[Site "Creon"]
[Date "2009.07.27"]
[Round "1"]
[White "Vlahovic, Dimitri"]
[Black "Lapeyre, Pierre"]
[Result "0-1"]
[WhiteElo "1844"]
[BlackElo "2109"]
[PlyCount "148"]
[EventDate "2009.07.27"]
[EventType "swiss"]
[EventRounds "9"]
[EventCountry "FRA"]
[SourceTitle "CBM 131 Extra"]
[Source "ChessBase"]
[SourceDate "2009.09.03"]
[SourceVersion "2"]
[SourceVersionDate "2009.09.16"]
[SourceQuality "1"]

1. e4 d5 2. exd5 Qxd5 3. Nf3 Bg4 4. Be2 Nc6 5. Nc3 Qd6 6. 0-0 Nf6 7. d3 e6 8. Nb5 Qd7 9. a4 Be7 10. b3 0-0 11. Bf4 Nd5 12. Bg3 a6 13. Na3 Bf6 14. Nc4 Nc3 15. Qd2 Nxe2+ 16. Qxe2 Nd4 17. Qd1 Bxf3 18. gxf3 Qd5 19. Nd2 Qh5 20. c3 Nf5 21. Ne4 Be7 22. f4 Qh3 23. Ng5 Bxg5 24. fxg5 Rfd8 25. Kh1 Rd7 26. Qe2 Rad8 27. Rad1 c5 28. Qe4 Rd5 29. Rg1 R8d7 30. f3 Qh5 31. Bf2 Nd6 32. Qe2 Rxg5 33. Rxg5 Qxg5 34. Be3 Qd5 35. c4 Qh5 36. Rg1 h6 37. Qf1 b6 38. Bc1 Nf5 39. Bb2 g6 40. Qe2 Nd4 41. Bxd4 Rxd4 42. Rg4 Rd7 43. Kg2 Qf5 44. Re4 Qf6 45. Re5 Qd8 46. Re3 Qg5+ 47. Kf2 Qh4+ 48. Kg2 Qd4 49. Kg3 Qc3 50. h4 Rd4 51. h5 g5 52. Qd1 Rh4 53. Qe2 Qf6 54. Re4 Rxh5 55. f4 gxf4+ 56. Rxf4 Rg5+ 57. Rg4 Rxg4+ 58. Kxg4 Qg6+ 59. Kh4 Qg5+ 60. Kh3 Kg7 61. Qb2+ e5 62. Qe2 Qf5+ 63. Kh4 h5 64. Qxh5 Qxh5+ 65. Kxh5 f5 66. Kg5 f4 67. Kg4 Kf6 68. Kf3 Kf5 69. Kf2 Kg4 70. Kg2 f3+ 71. Kf2 Kf4 72. b4 cxb4 73. a5 b3 74. axb6 b2 0-1

[Event "Creon op 13th"]
[Site "Creon"]
[Date "2008.08.03"]
[Round "9"]
[White "Babaev, Rashad"]
[Black "Lapeyre, Pierre"]
[Result "1/2-1/2"]
[WhiteElo "2484"]
[BlackElo "2088"]
[PlyCount "53"]
[EventDate "2008.07.28"]
[EventType "swiss"]
[EventRounds "9"]
[EventCountry "FRA"]
[SourceTitle "CBM 125 Extra"]
[Source "ChessBase"]
[SourceDate "2008.09.01"]
[SourceVersion "1"]
[SourceVersionDate "2008.09.01"]
[SourceQuality "1"]

1. e4 d5 2. exd5 Qxd5 3. Nc3 Qa5 4. d4 Nf6 5. Nf3 Bg4 6. h3 Bh5 7. g4 Bg6 8. Ne5 Nbd7 9. Nc4 Qa6 10. d5 Ne4 11. Nxe4 Bxe4 12. f3 Bg6 13. Bf4 Qf6 14. Qd2 Qh4+ 15. Qf2 Qxf2+ 16. Kxf2 0-0-0 17. Ne3 h5 18. Bc4 Re8 19. Rhd1 e5 20. dxe6 fxe6 21. Bb5 c6 22. Bd3 Bxd3 23. Rxd3 e5 24. Bg3 Bc5 25. Rad1 Nf6 26. Kg2 e4 27. Rc3 1/2-1/2

[Event "Creon op 13th"]
[Site "Creon"]
[Date "2008.07.31"]
[Round "6"]
[White "Duffau, Pascal"]
[Black "Lapeyre, Pierre"]
[Result "0-1"]
[WhiteElo "2019"]
[BlackElo "2088"]
[PlyCount "52"]
[EventDate "2008.07.28"]
[EventType "swiss"]
[EventRounds "9"]
[EventCountry "FRA"]
[SourceTitle "CBM 125 Extra"]
[Source "ChessBase"]
[SourceDate "2008.09.01"]
[SourceVersion "1"]
[SourceVersionDate "2008.09.01"]
[SourceQuality "1"]

1. Nf3 d6 2. d4 f5 3. c4 Nf6 4. Nc3 e6 5. Qc2 Be7 6. e4 fxe4 7. Nxe4 Nxe4 8. Qxe4 d5 9. Qc2 Nc6 10. a3 0-0 11. Bd3 h6 12. Be3 Bf6 13. 0-0-0 Na5 14. Ne5 Bxe5 15. dxe5 Kh8 16. h4 Qe7 17. Bg5 Qf7 18. Bg6 Qxf2 19. Rd2 Qg3 20. cxd5 Nb3+ 21. Kb1 Nxd2+ 22. Qxd2 exd5 23. Qxd5 c6 24. Qe4 Be6 25. Be7 Rf4 26. Qc2 Rf2 0-1

[Event "Ambes op 1st"]
[Site "Ambes"]
[Date "2007.04.15"]
[Round "11"]
[White "Quideau, Patrice"]
[Black "Lapeyre, Pierre"]
[Result "0-1"]
[WhiteElo "1869"]
[BlackElo "2095"]
[PlyCount "88"]
[EventDate "2007.04.07"]
[EventType "swiss"]
[EventRounds "11"]
[EventCountry "FRA"]
[SourceTitle "CBM 117 Extra"]
[Source "ChessBase"]
[SourceDate "2007.05.09"]
[SourceVersion "1"]
[SourceVersionDate "2007.05.09"]
[SourceQuality "1"]

1. Nf3 d6 2. e4 Nf6 3. Nc3 e5 4. d4 Nbd7 5. Bc4 Be7 6. 0-0 0-0 7. Re1 c6 8. a4 a5 9. b3 Nb6 10. Be2 Qc7 11. Bb2 Re8 12. Bd3 Bg4 13. dxe5 dxe5 14. h3 Bd7 15. Ne2 Bd6 16. Ng3 g6 17. Qd2 Kg7 18. Rad1 Bb4 19. c3 Bf8 20. Bc1 Kh8 21. Nh2 Be6 22. Qg5 Be7 23. Nf3 Nfd7 24. Qe3 Bxb3 25. Rd2 Bc5 26. Qh6 Bf8 27. Qe3 Nxa4 28. Ng5 Bc5 29. Qf3 f6 30. Nxh7 Kxh7 31. Nh5 Rf8 32. Be2 Be7 33. c4 Nac5 34. Ba3 b6 35. Qg4 Rae8 36. Bxc5 Nxc5 37. Qh4 Kg8 38. Qg4 Kf7 39. Ng3 Rh8 40. Bd1 Bxc4 41. Re3 Qc8 42. Nf5 Be6 43. Rf3 Reg8 44. Nxe7 Kxe7 0-1

[Event "Ambes op 1st"]
[Site "Ambes"]
[Date "2007.04.12"]
[Round "7"]
[White "Lapeyre, Pierre"]
[Black "Gallice, Francois"]
[Result "1-0"]
[WhiteElo "2095"]
[BlackElo "1912"]
[PlyCount "73"]
[EventDate "2007.04.07"]
[EventType "swiss"]
[EventRounds "11"]
[EventCountry "FRA"]
[SourceTitle "CBM 117 Extra"]
[Source "ChessBase"]
[SourceDate "2007.05.09"]
[SourceVersion "1"]
[SourceVersionDate "2007.05.09"]
[SourceQuality "1"]

1. c4 c5 2. e4 d6 3. Nc3 Nf6 4. g3 b6 5. Bg2 Bb7 6. Nge2 Nbd7 7. 0-0 Rb8 8. d4 cxd4 9. Nxd4 g6 10. Be3 Bg7 11. f3 Qc8 12. b3 0-0 13. Rc1 a6 14. Qd2 Ne5 15. Rfd1 Ba8 16. a4 Rd8 17. Nd5 Nxd5 18. cxd5 Qd7 19. Rc2 Rdc8 20. Rdc1 Rxc2 21. Qxc2 h6 22. Qc7 Qe8 23. Bf1 Nd7 24. b4 a5 25. Bb5 Rd8 26. bxa5 bxa5 27. Rb1 Kh7 28. Rc1 e6 29. dxe6 fxe6 30. Nxe6 Qxe6 31. Qxd8 Ne5 32. Qxa8 Qb3 33. Bf2 Qa3 34. Rc7 Nxf3+ 35. Kg2 Ne5 36. Be2 Qb2 37. Qb7 1-0

[Event "Mont de Marsan op 6th"]
[Site "Mont de Marsan"]
[Date "2006.12.28"]
[Round "5"]
[White "Jacquot, David"]
[Black "Lapeyre, Pierre"]
[Result "1-0"]
[WhiteElo "1830"]
[BlackElo "2115"]
[PlyCount "49"]
[EventDate "2006.12.26"]
[EventType "swiss"]
[EventRounds "9"]
[EventCountry "FRA"]
[SourceTitle "CBM 116 Extra"]
[Source "ChessBase"]
[SourceDate "2007.03.07"]
[SourceVersion "1"]
[SourceVersionDate "2007.03.07"]
[SourceQuality "1"]

1. d4 d6 2. Nf3 f5 3. c3 Nf6 4. Bg5 e6 5. e3 Be7 6. Bc4 0-0 7. 0-0 c6 8. Nbd2 d5 9. Bd3 h6 10. Bf4 Nbd7 11. Ne5 Qe8 12. c4 Nxe5 13. Bxe5 Nd7 14. Bg3 Qf7 15. f4 b6 16. Nf3 Bb7 17. a3 Kh8 18. Rc1 g5 19. cxd5 exd5 20. fxg5 hxg5 21. Ne5 Qe6 22. Nxd7 Qxd7 23. Qh5+ Kg7 24. Be5+ Bf6 25. Bxf5 1-0

[Event "Mont de Marsan op 6th"]
[Site "Mont de Marsan"]
[Date "2006.12.27"]
[Round "4"]
[White "Lapeyre, Pierre"]
[Black "Cruzel, Thierry"]
[Result "1-0"]
[WhiteElo "2115"]
[BlackElo "1973"]
[PlyCount "81"]
[EventDate "2006.12.26"]
[EventType "swiss"]
[EventRounds "9"]
[EventCountry "FRA"]
[SourceTitle "CBM 116 Extra"]
[Source "ChessBase"]
[SourceDate "2007.03.07"]
[SourceVersion "1"]
[SourceVersionDate "2007.03.07"]
[SourceQuality "1"]

1. d4 d5 2. e4 e6 3. e5 c5 4. Nc3 Ne7 5. f4 Nec6 6. Nf3 Nd7 7. a3 f6 8. exf6 Nxf6 9. dxc5 Bxc5 10. b4 Bb6 11. Na4 Bd7 12. Nxb6 Qxb6 13. Bd3 0-0 14. b5 Na5 15. a4 Rac8 16. Qe2 Nc4 17. Qf2 Qa5+ 18. Bd2 Nxd2 19. Qxd2 Qxd2+ 20. Kxd2 Ng4 21. g3 Nf2 22. Rhc1 Nxd3 23. cxd3 Kf7 24. Rxc8 Rxc8 25. Rc1 Rxc1 26. Kxc1 Kf6 27. Kb2 h6 28. Kc3 Kf5 29. Ne5 Be8 30. Kd4 g5 31. fxg5 hxg5 32. h3 a6 33. bxa6 bxa6 34. a5 Ba4 35. Nf7 Bc2 36. Nd6+ Kf6 37. Ne8+ Kf5 38. Nc7 e5+ 39. Kc3 Bd1 40. Nxd5 e4 41. Ne3+ 1-0

[Event "Mont de Marsan op 6th"]
[Site "Mont de Marsan"]
[Date "2006.12.27"]
[Round "3"]
[White "Michaud, Stephane"]
[Black "Lapeyre, Pierre"]
[Result "1-0"]
[WhiteElo "1800"]
[BlackElo "2115"]
[PlyCount "41"]
[EventDate "2006.12.26"]
[EventType "swiss"]
[EventRounds "9"]
[EventCountry "FRA"]
[SourceTitle "CBM 116 Extra"]
[Source "ChessBase"]
[SourceDate "2007.03.07"]
[SourceVersion "1"]
[SourceVersionDate "2007.03.07"]
[SourceQuality "1"]

1. e4 d5 2. exd5 Qxd5 3. Nc3 Qa5 4. d4 Nf6 5. Bd2 Bg4 6. Nf3 Nbd7 7. h3 Bh5 8. g4 Bg6 9. g5 Nd5 10. Bc4 Nxc3 11. Bxc3 Qf5 12. Bd3 Qe6+ 13. Be2 0-0-0 14. Qd2 Nb6 15. b3 Nd5 16. Bb2 Nb6 17. 0-0-0 Bh5 18. Rde1 Nd7 19. Ba3 Re8 20. Bc4 Qf5 21. Nh4 1-0

[Event "Mont de Marsan op 6th"]
[Site "Mont de Marsan"]
[Date "2006.12.26"]
[Round "2"]
[White "Velten, Paul"]
[Black "Lapeyre, Pierre"]
[Result "1-0"]
[WhiteElo "1936"]
[BlackElo "2115"]
[PlyCount "103"]
[EventDate "2006.12.26"]
[EventType "swiss"]
[EventRounds "9"]
[EventCountry "FRA"]
[SourceTitle "CBM 116 Extra"]
[Source "ChessBase"]
[SourceDate "2007.03.07"]
[SourceVersion "1"]
[SourceVersionDate "2007.03.07"]
[SourceQuality "1"]

1. d4 d6 2. c4 e5 3. Nf3 e4 4. Ng5 f5 5. Nc3 Be7 6. Nh3 c6 7. d5 Na6 8. f3 Nf6 9. Be3 0-0 10. Qb3 cxd5 11. cxd5 Nc5 12. Bxc5 dxc5 13. d6+ Kh8 14. dxe7 Qxe7 15. 0-0-0 e3 16. g3 Be6 17. Qc2 b5 18. Nf4 b4 19. Ncd5 Nxd5 20. Nxd5 Qf7 21. Nxe3 b3 22. axb3 Bxb3 23. Qc3 Bxd1 24. Kxd1 Qf6 25. Qxf6 Rxf6 26. Kc2 Rb8 27. f4 g6 28. Nc4 Re6 29. e3 Rd8 30. Be2 Kg7 31. Ra1 Re7 32. Ra6 Rc7 33. h3 Rf8 34. g4 Rf6 35. Rxf6 Kxf6 36. Kc3 g5 37. Nd6 Rd7 38. Nxf5 h5 39. gxh5 gxf4 40. exf4 Rb7 41. Bg4 Rb4 42. Ne3 Kf7 43. Nc4 Kf6 44. h4 a5 45. f5 a4 46. h6 Rb3+ 47. Kd2 Rb8 48. Bh5 Kxf5 49. Nd6+ Kf4 50. Kc2 Kg3 51. Be8 Rb4 52. h7 1-0

[Event "Rochefort op 5th"]
[Site "Rochefort"]
[Date "2006.02.15"]
[Round "1"]
[White "Prie, Eric"]
[Black "Lapeyre, Pierre"]
[Result "1-0"]
[WhiteElo "2467"]
[BlackElo "2104"]
[PlyCount "49"]
[EventDate "2006.02.15"]
[EventType "swiss"]
[EventRounds "9"]
[EventCountry "FRA"]
[SourceTitle "EXT 2007"]
[Source "ChessBase"]
[SourceDate "2006.11.23"]
[SourceVersion "1"]
[SourceVersionDate "2006.11.23"]
[SourceQuality "1"]

1. d4 f5 2. Bg5 h6 3. Bh4 g5 4. e4 Nf6 5. e5 e6 6. Bg3 f4 7. Bd3 Bg7 8. exf6 Qxf6 9. Qh5+ Kd8 10. Nf3 Nc6 11. c3 a6 12. 0-0 d5 13. h3 fxg3 14. fxg3 Qe7 15. Nbd2 Bd7 16. Rac1 Bf6 17. Nh2 Qg7 18. Nb3 b6 19. Qe2 h5 20. Bxa6 Nb8 21. Bb5 c6 22. Bd3 Rxa2 23. g4 h4 24. Nf3 Bc8 25. Qd2 1-0

[Event "Mont de Marsan op"]
[Site "Mont de Marsan"]
[Date "2005.12.28"]
[Round "5"]
[White "Lapeyre, Pierre"]
[Black "Laporte, Pierre"]
[Result "0-1"]
[WhiteElo "2082"]
[BlackElo "1810"]
[PlyCount "148"]
[EventDate "2005.12.26"]
[EventType "swiss"]
[EventRounds "7"]
[EventCountry "FRA"]
[SourceTitle "CBM 110 Extra"]
[Source "ChessBase"]
[SourceDate "2006.03.10"]
[SourceVersion "2"]
[SourceVersionDate "2006.03.10"]
[SourceQuality "1"]

1. d4 e6 2. e4 d5 3. Nc3 dxe4 4. f3 exf3 5. Nxf3 Nf6 6. Bg5 Be7 7. Bd3 Nbd7 8. 0-0 c5 9. dxc5 Nxc5 10. Bb5+ Bd7 11. Qe2 a6 12. Bxd7+ Ncxd7 13. Kh1 Qc7 14. Rad1 Rd8 15. a3 0-0 16. Ra1 Qc5 17. Rae1 Rfe8 18. Bd2 Qh5 19. Bf4 Nd5 20. Bd2 N5f6 21. Qc4 Qc5 22. Qb3 Qb6 23. Qa2 Rf8 24. Ng5 Ng4 25. Nh3 Ndf6 26. Bg5 h6 27. Bh4 Rd2 28. Bxf6 Nxf6 29. Nf4 Rf2 30. Rxf2 Qxf2 31. Nd3 Qxc2 32. Nf4 Qf2 33. Nd3 Qd4 34. Ne5 Ng4 35. Nxg4 Qxg4 36. Qb3 Qf4 37. Qb6 Bd6 38. g3 Qf3+ 39. Kg1 Qc6 40. Qxc6 bxc6 41. Re4 Rb8 42. Na4 Kf8 43. Rc4 c5 44. Kf2 Ke7 45. Ke2 Kd7 46. Kd2 Kc6 47. Kc2 a5 48. Rg4 g6 49. Rh4 h5 50. g4 Be7 51. Rh3 hxg4 52. Rh7 Rf8 53. Nc3 Bd6 54. a4 g3 55. hxg3 Bxg3 56. Ne4 Be1 57. Ng5 f5 58. Nxe6 Rf6 59. Nd8+ Kd5 60. Rg7 f4 61. Rd7+ Rd6 62. Rxd6+ Kxd6 63. Nf7+ Kd5 64. Kd3 c4+ 65. Ke2 Bg3 66. Kf3 Kc5 67. Ne5 Kb4 68. Ke4 Kxa4 69. Nxc4 Kb4 70. Nd2 g5 71. Kd3 a4 72. Ne4 Bh4 73. Nd2 g4 74. Ne4 g3 0-1